[Event "VIE-ch U13 Girls"]
[Site "Ho Chi Minh City"]
[Date "2022.07.13"]
[Round "4"]
[White "Dao, Le Bao Ngan"]
[Black "Tran, Thi Huyen Tran"]
[Result "1-0"]
[WhiteElo "2148"]
[BlackElo "2147"]
[PlyCount "72"]
[EventDate "2022.07.11"]
[EventType "swiss"]
[EventRounds "9"]
[EventCountry "VIE"]
[SourceTitle "EXT 2023"]
[Source "ChessBase"]
[SourceDate "2022.10.05"]
[SourceVersion "1"]
[SourceVersionDate "2022.10.05"]
[SourceQuality "1"]

1. e4 e5 2. Bc4 Bc5 3. Nf3 Nc6 4. 0-0 d6 5. d3 Bg4 6. h3 Bh5 7. Be3 Bxe3 8. fxe3 Nf6 9. Nbd2 0-0 10. Qe1 h6 11. Qg3 Bg6 12. Qxg6 d5 13. Qg3 dxc4 14. Nxc4 Nh5 15. Qh2 Nf6 16. Ncxe5 Qd6 17. Nxc6 Qxc6 18. Nd4 Qb6 19. Kh1 c6 20. Nf5 Qxb2 21. Qg3 Nh5 22. Qg4 g6 23. Nxh6+ Kg7 24. Nf5+ Kg8 25. Ne7+ Kh7 26. Rab1 Qe5 27. Qh4 Kg7 28. Rf3 Qc3 29. d4 Qxc2 30. Rxb7 Qxa2 31. Nf5+ Kg8 32. Qg5 Ng7 33. Nh6+ Kh7 34. Nxf7 Kg8 35. Qxg6 Rxf7 36. Rfxf7 Qxf7 1-0

[Event "VIE-ch U20 Girls"]
[Site "Hanoi"]
[Date "2022.06.15"]
[Round "7"]
[White "Vuong, Quynh Anh"]
[Black "Tran, Thi Huyen Tran"]
[Result "1-0"]
[WhiteElo "2069"]
[BlackElo "2054"]
[PlyCount "71"]
[EventDate "2022.06.11"]
[EventType "swiss"]
[EventRounds "7"]
[EventCountry "VIE"]
[SourceTitle "EXT 2023"]
[Source "ChessBase"]
[SourceDate "2022.10.05"]
[SourceVersion "1"]
[SourceVersionDate "2022.10.05"]
[SourceQuality "1"]

1. Nf3 Nc6 2. d4 d5 3. g3 Nf6 4. Bg2 Bf5 5. c4 dxc4 6. Na3 Nb4 7. Qa4+ Nc6 8. 0-0 Bd7 9. Qxc4 e6 10. Nb5 a6 11. Nc3 Be7 12. Ne5 Na5 13. Qd3 Rb8 14. e4 0-0 15. h4 Bb4 16. Nxd7 Nxd7 17. Ne2 Re8 18. Qc2 Bf8 19. Bd2 Nc6 20. Rac1 Nb6 21. Be3 Na8 22. Rfd1 g6 23. e5 Nb4 24. Qe4 Nxa2 25. Ra1 Nb4 26. Bg5 Qd7 27. h5 Bg7 28. hxg6 hxg6 29. Qh4 Rf8 30. Be4 Nb6 31. Kg2 N6d5 32. Bf6 Nc6 33. Rh1 Rfc8 34. Qh7+ Kf8 35. Qxg7+ Ke8 36. Rh8# 1-0

[Event "VIE Cup (Women)"]
[Site "Hanoi"]
[Date "2021.??.??"]
[Round "4"]
[White "Pham, Tran Gia Thu"]
[Black "Tran, Thi Huyen Tran"]
[Result "1-0"]
[WhiteElo "1630"]
[BlackElo "2335"]
[PlyCount "71"]
[EventDate "2021.05.03"]
[EventType "swiss"]
[EventRounds "9"]
[EventCountry "VIE"]
[SourceTitle "EXT 2022"]
[Source "ChessBase"]
[SourceDate "2021.10.06"]
[SourceVersion "1"]
[SourceVersionDate "2021.10.06"]
[SourceQuality "1"]

1. d4 d5 2. Nf3 Nc6 3. e3 a6 4. Be2 Nf6 5. c4 Bf5 6. Nc3 e6 7. 0-0 Bb4 8. a3 Bxc3 9. bxc3 0-0 10. Nh4 Ne4 11. Nxf5 Nxc3 12. Nh6+ Kh8 13. Nxf7+ Rxf7 14. Qc2 Nxe2+ 15. Qxe2 Qf6 16. Rb1 Rb8 17. a4 Qg6 18. Ba3 Na5 19. c5 Nc4 20. Bb4 a5 21. Bc3 h6 22. Rb3 Qe4 23. Rfb1 b6 24. Be1 Rff8 25. f3 Qg6 26. Bg3 Rb7 27. e4 Re8 28. cxb6 cxb6 29. Re1 Rbe7 30. Bh4 Rd7 31. exd5 Rxd5 32. Qxc4 Rd7 33. Rxb6 Rf7 34. Rbxe6 Rxe6 35. Qxe6 Qxe6 36. Rxe6 1-0

[Event "VIE Cup (Women)"]
[Site "Hanoi"]
[Date "2021.??.??"]
[Round "5"]
[White "Tran, Thi Huyen Tran"]
[Black "Nguyen, Thu Trang2222"]
[Result "0-1"]
[WhiteElo "2335"]
[BlackElo "1520"]
[PlyCount "128"]
[EventDate "2021.05.03"]
[EventType "swiss"]
[EventRounds "9"]
[EventCountry "VIE"]
[SourceTitle "EXT 2022"]
[Source "ChessBase"]
[SourceDate "2021.10.06"]
[SourceVersion "1"]
[SourceVersionDate "2021.10.06"]
[SourceQuality "1"]

1. e4 d6 2. d4 g6 3. Nf3 Bg7 4. Be3 Nf6 5. Nc3 a6 6. Bd3 Nc6 7. 0-0 0-0 8. h3 b5 9. a3 Bb7 10. Re1 Nd7 11. Qd2 e5 12. d5 Nd4 13. Be2 Nxe2+ 14. Rxe2 Nb6 15. Bh6 Nc4 16. Qc1 Bxh6 17. Qxh6 Qf6 18. b3 Nb6 19. Rd1 Rae8 20. Ng5 Qg7 21. Qxg7+ Kxg7 22. Nf3 h6 23. Rc1 f5 24. Nd2 fxe4 25. Ndxe4 Bxd5 26. Rd1 Be6 27. Re3 Rf4 28. Ng3 Ref8 29. Rf1 Bc8 30. Nce2 R4f7 31. Nc3 Bb7 32. Nce4 Nd5 33. Rd3 Nf4 34. Re3 a5 35. f3 Nd5 36. Rd3 b4 37. axb4 axb4 38. c4 bxc3 39. Nxc3 Nxc3 40. Rxc3 d5 41. Re1 Re7 42. Rec1 c6 43. Re1 Ra8 44. h4 Rae8 45. h5 Kf6 46. hxg6 Kxg6 47. b4 h5 48. Rce3 h4 49. Nf1 e4 50. fxe4 Rxe4 51. Rxe4 Rxe4 52. Rxe4 dxe4 53. Kf2 Kf5 54. Ke3 Ba6 55. Nd2 Bd3 56. Nb3 Kg4 57. Kf2 Kf4 58. Nd4 e3+ 59. Ke1 Kg3 60. Nxc6 Kxg2 61. Ne5 h3 62. Nxd3 h2 63. Nf4+ Kf3 64. Kd1 h1Q+ 0-1

[Event "VIE Cup (Women)"]
[Site "Hanoi"]
[Date "2021.??.??"]
[Round "1"]
[White "Tran, Thi Mong Thu"]
[Black "Tran, Thi Huyen Tran"]
[Result "1-0"]
[WhiteElo "1854"]
[BlackElo "2335"]
[PlyCount "35"]
[EventDate "2021.05.03"]
[EventType "swiss"]
[EventRounds "9"]
[EventCountry "VIE"]
[SourceTitle "EXT 2022"]
[Source "ChessBase"]
[SourceDate "2021.10.06"]
[SourceVersion "1"]
[SourceVersionDate "2021.10.06"]
[SourceQuality "1"]

1. e4 e6 2. d4 d5 3. Nc3 Bb4 4. e5 Nc6 5. a3 Bxc3+ 6. bxc3 b6 7. Qg4 Nge7 8. Qxg7 Rg8 9. Qxh7 Bb7 10. Nf3 Qd7 11. Ng5 0-0-0 12. Qxf7 Nf5 13. Qxd7+ Rxd7 14. Nxe6 Nfxd4 15. cxd4 Nxd4 16. Nxd4 Rdg7 17. g3 Rxg3 18. hxg3 1-0